000 01176nam a22002414a 4500
001 UTEA
005 20251001105222.0
006 g||||gr||||||01 nz
007 ta
008 250925b pe ||||| |||| 00| 0 spa d
020 _a9788429120110
040 _aUTEA
041 _aspa
082 _a624.1762
_bB79 2025
100 _aBozzo Luis M.
_eautor
245 _aDiseño sismorresitente de edificios :
_bTécnicas convencionales y avanzadas
_cLuis M. Bozzo
_h[Texto Impreso]
260 _aEspaña;
_bEditorial reveté S.A.
_c2025
300 _a380 página;
_bFiguras;
_c15 x 21 cm.
505 _afundamentos -- Aspectos de sismología -- Elementos de dinámica de estructuras -- Diseño conceptual y razonamiento cualitativo -- Diseño sismo resistente convencional -- Definición de la acción sísmica -- Diseño de elementos estructurales -- Diseño de sistemas estructurales -- Técnicas avanzadas de diseño sismo resistente -- Estructuras con disipadores de energía -- Ediciones con aislamiento de bases activo-
650 _aSISMORESISTENTE
_959535
650 _aTÉCNICAS CONVENSIONALES
_959536
942 _2ddc
_cBK
_e2025-09-25
_zCirila Celinda Molina Chirinos
999 _c17385
_d17385